000 00318nam a2200145Ia 4500
008 230718s9999 xx 000 0 und d
041 _aEng.
082 _a915.9
_bTUR-I
100 _aTurner Peter
245 0 _aIndonesia
260 _aPakistan
_bMichael Grac
_c1986
300 _a1004
650 _aLaw
999 _c26158
_d26158